|
|
|
|
| LEADER |
01458nam a2200397 a 4500 |
| 001 |
000390786 |
| 003 |
CZ BrMZK |
| 005 |
20210323125811.0 |
| 007 |
ta |
| 008 |
980115s1998 xr ab f 000 0 cze |
| 020 |
|
|
|z 80-9002213-6-X
|
| 040 |
|
|
|a BOA001
|b cze
|
| 041 |
0 |
|
|a cze
|b eng
|
| 043 |
|
|
|a e-xr---
|b e-xr-mr
|a e-xo---
|2 czenas
|
| 072 |
|
7 |
|a 58
|x Botanika
|2 Konspekt
|9 2
|
| 080 |
|
|
|a 581.9
|2 MRF
|
| 080 |
|
|
|a 581.526.33
|2 MRF
|
| 080 |
|
|
|a (437.32-11)
|2 MRF
|
| 080 |
|
|
|a (437.6)
|2 MRF
|
| 080 |
|
|
|a (048.8)
|2 MRF
|
| 100 |
1 |
|
|a Hájek, Michal,
|d 1974-
|7 jn20020423001
|4 aut
|
| 245 |
1 |
0 |
|a Mokřadní vegetace Bílých Karpat /
|c Michal Hájek
|
| 260 |
|
|
|a Uherské Hradiště :
|b Přírodovědný klub v Uherském Hradišti,
|c 1998
|
| 300 |
|
|
|a 157 s. :
|b il., mapy ;
|c 22 cm
|
| 504 |
|
|
|a Obsahuje bibliografii
|
| 546 |
|
|
|a Anglické resumé
|
| 580 |
|
|
|a Supplementum č. 4/1998 Sborníku Přírodovědného klubu v Uherském Hradišti
|
| 650 |
0 |
7 |
|a flóra
|7 ph114559
|z Česko
|2 czenas
|
| 650 |
0 |
7 |
|a flóra
|7 ph114559
|z Slovensko
|2 czenas
|
| 650 |
0 |
7 |
|a mokřadní rostlinná společenstva
|7 ph115343
|2 czenas
|
| 651 |
|
7 |
|a Bílé Karpaty (Česko a Slovensko : pohoří)
|7 ge129114
|2 czenas
|
| 655 |
|
7 |
|a studie
|7 fd133597
|2 czenas
|
| 787 |
1 |
8 |
|t Sborník Přírodovědného klubu v Uherském Hradišti
|
| 910 |
|
|
|a BOA001
|b 2-1054.956
|
| 990 |
|
|
|a BK
|
| 996 |
6 |
|
|b 2610085491
|c 2-1054.956
|l MZK
|r Sklad / do 1 hodiny
|n 29
|p p.v.
|w 000390786
|u 000010
|a 1
|e BOA001
|j MZK50
|s P
|